The finishing touch : (Record no. 4066)

MARC details
000 -LEADER
fixed length control field 00827cam a2200277 a 4500
001 - CONTROL NUMBER
control field 51292
003 - CONTROL NUMBER IDENTIFIER
control field GBCCL
005 - DATE AND TIME OF LATEST TRANSACTION
control field 20241126110510.0
008 - FIXED-LENGTH DATA ELEMENTS--GENERAL INFORMATION
fixed length control field 940707s1994 txu 000 0 eng
010 ## -
-- 94028876
020 ## - INTERNATIONAL STANDARD BOOK NUMBER
International Standard Book Number 0849909813 (hard) :
Terms of availability $22.99
020 ## - INTERNATIONAL STANDARD BOOK NUMBER
International Standard Book Number 084991177X (leather ed.) :
Terms of availability $34.99
035 ## - SYSTEM CONTROL NUMBER
System control number (OCoLC)30895651
040 ## - CATALOGING SOURCE
Original cataloging agency DLC
Transcribing agency DLC
Modifying agency LBB
049 ## -
-- LBBK
050 00 -
-- BV4811
-- .S97 1994
082 00 - DEWEY DECIMAL CLASSIFICATION NUMBER
Classification number 242.2
Edition information 20
Item number SWI
090 ## - LOCALLY ASSIGNED LC-TYPE CALL NUMBER (OCLC); LOCAL CALL NUMBER (RLIN)
Classification number (OCLC) (R) ; Classification number, CALL (RLIN) (NR) BV4811
Local cutter number (OCLC) ; Book number/undivided call number, CALL (RLIN) .S97 1994
100 1# - MAIN ENTRY--PERSONAL NAME
Personal name Swindoll, Charles R.
9 (RLIN) 1487
245 14 - TITLE STATEMENT
Title The finishing touch :
Remainder of title becoming God's masterpiece : a daily devotional /
Statement of responsibility, etc. Charles R. Swindoll.
260 ## - PUBLICATION, DISTRIBUTION, ETC.
Place of publication, distribution, etc. Dallas :
Name of publisher, distributor, etc. Word Pub.,
Date of publication, distribution, etc. c1994.
300 ## - PHYSICAL DESCRIPTION
Extent 639 p. ;
Dimensions 25 cm.
650 #0 - SUBJECT ADDED ENTRY--TOPICAL TERM
Topical term or geographic name entry element Devotional calendars.
9 (RLIN) 1878
650 #0 - SUBJECT ADDED ENTRY--TOPICAL TERM
Topical term or geographic name entry element Christian life
General subdivision Meditations.
9 (RLIN) 7823
942 ## - ADDED ENTRY ELEMENTS (KOHA)
Source of classification or shelving scheme Dewey Decimal Classification
Koha item type Books
Holdings
Withdrawn status Lost status Source of classification or shelving scheme Damaged status Not for loan Home library Current Library Shelving location Date acquired Total checkouts Full call number Barcode Date last seen Copy number Price effective from Koha item type
    Dewey Decimal Classification     GRACE BIBLE COLLEGE GRACE BIBLE COLLEGE Ministry & Mission 2018-01-10   242.2 SWI 008249 2025-05-01 c.1 2018-01-10 Books
© Grace Bible College Library 2025